[Event "BL 2018-19"]
[Site "Berlin"]
[Date "2019.04.06"]
[Round "14.4"]
[White "Lampert, Jonas"]
[Black "Boensch, Uwe"]
[Result "0-1"]
[WhiteElo "2547"]
[BlackElo "2553"]
[Annotator "TA"]
[PlyCount "112"]
[EventDate "2018.11.10"]
[EventType "team-tourn"]
[EventCountry "GER"]
[SourceTitle "playchess.com"]
[Source "ChessBase"]
[SourceQuality "1"]
[WhiteTeam "Hamburg SK"]
[BlackTeam "Dresden"]

{[%evp 20,112,66,89,127,136,149,148,104,111,116,114,131,137,217,79,114,62,131,-292,-297,-302,-124,-98,-97,-148,-113,-118,-125,-118,-124,-154,-148,-217,-165,-165,-131,-121,-131,-136,-113,-113,-110,-125,-118,-131,-125,-135,-152,-153,-87,-87,-85,-96,-90,-106,-85,-83,0,-151,0,-84,0,-116,-120,-102,-102,-104,-41,-108,-85,-210,-134,-154,-130,-120,-125,-190,-157,-191,-199,-257,-261,-491,-476,-908,-901,-893,-889,-849,-818,-870,-793,-708,-682]} 1. e4 c5 2. Nf3 Nc6 3. d4 cxd4 4. Nxd4 Qb6 5. Nb3 Nf6 6. Nc3 e6 7. Qe2 d6 8. Be3 {B33: Sicilian: Pelikan and Sveshnikov Variations} Qc7 9. g4 h6 10. O-O-O a6 11. h4 {[%cal Bh2h4,Bh4g5][%mdl 32] LiveBook: 3 Games} Ne5 12. Rg1 $146 ({Predecessor:} 12. Bh3 Qc4 13. Qxc4 Nxc4 14. Bf4 e5 15. g5 hxg5 16. Bxg5 {1-0 (47) Socko,B (2631)-Maryasin,B (2340) Gibraltar 2009}) 12... b5 13. g5 $1 {[%cal Rg5f6]} hxg5 14. hxg5 Nfd7 15. f4 Nc4 16. g6 Nf6 {[#]} (16... f6 $16) 17. f5 (17. Nd4 $1 $18 {and White stays clearly on top.}) 17... fxg6 $16 18. Bg5 (18. fxe6 $16 Bxe6 19. Nd5) 18... Qa7 (18... Ne5 $1 $14) 19. fxe6 $2 {[%mdl 8192]} (19. Bg2 $16 {keeps the pressure on.}) 19... Qxg1 $19 20. Bg2 Qh2 (20... Qa7 $19 21. e5 Nxe5 22. Bxf6 gxf6 23. Bxa8 Qxa8) 21. e5 $17 Qxe5 22. Bc6+ (22. Qxe5 $142 dxe5 23. Bxa8) 22... Kd8 23. Qxe5 Nxe5 24. Bxa8 Bxe6 25. Nc5 Bg4 26. Rd4 (26. Rf1 $17 {was worth a try.}) 26... Rh5 27. Bf4 Nc6 28. Bxc6 Rxc5 29. Bb7 a5 30. a3 Bd7 31. Bg2 Kc7 32. Bd2 a4 33. Bf1 Rh5 34. Kd1 Bc6 (34... Rh1 $142 35. Ke2 Be7) 35. Bd3 Be7 36. Bxg6 Rh1+ 37. Ke2 Rh2+ 38. Ke1 Rh1+ ({Black should try} 38... Rg2 $17 39. Bf5 d5) 39. Kf2 $2 ({White has to play} 39. Ke2 $11) 39... Rh2+ ({Black should play} 39... d5 {...Bc5 is the strong threat.} 40. Ke2 Bc5) 40. Ke1 $1 Rh1+ 41. Ke2 d5 42. Bf4+ Kb6 43. Be5 Bc5 (43... Rg1 $17 44. Bd3 Rg2+ 45. Kf1 Rg5) 44. Rd3 (44. Bxf6 $1 $15 gxf6 45. Nxd5+ Kb7 46. Rd3) 44... Rg1 45. Bf5 (45. Rg3 $17) 45... Rg2+ 46. Kd1 Rg5 $36 {[%mdl 2048] Black has strong initiative.} 47. Bxf6 gxf6 {[%cal Bg7f6,Bf6f5][%mdl 32]} ({Don't play} 47... Rxf5 $6 48. Bxg7 Kc7 49. Kd2 $11) 48. Bh7 (48. Be6 $17) 48... d4 49. Ne2 f5 50. b4 (50. Rh3 $142) 50... axb3 $1 $19 51. cxb3 $2 (51. Rxb3 Rh5 52. Bg8) 51... Rh5 {Black is clearly winning.} 52. b4 (52. Bxf5 $142 Rxf5 53. b4 Rf1+ 54. Kd2) 52... Rxh7 53. bxc5+ Kxc5 54. Rxd4 Bf3 {( -> ...Bxe2+)} 55. Rd3 {[#]} Bg4 $1 56. Rc3+ Kb6 {Accuracy: White = 36%, Black = 58%.} 0-1

[Event "BL 2018-19"]
[Site "Berlin"]
[Date "2019.04.06"]
[Round "14.4"]
[White "Stankovic, Milos"]
[Black "Ginsburg, Gennadi"]
[Result "1-0"]
[WhiteElo "2451"]
[BlackElo "2418"]
[Annotator "TA"]
[PlyCount "73"]
[EventDate "2018.11.10"]
[EventType "team-tourn"]
[EventCountry "GER"]
[SourceTitle "playchess.com"]
[Source "ChessBase"]
[SourceQuality "1"]
[WhiteTeam "Augsburg"]
[BlackTeam "SV Hofheim"]

{[%evp 12,73,37,30,42,22,27,14,23,23,37,42,49,41,58,57,71,70,86,88,102,100,112,96,119,107,217,146,167,163,171,160,165,165,160,138,191,193,197,186,261,181,265,131,130,119,127,137,127,122,145,153,154,108,409,383,731,723,1793,1365,29973,29976,29982,29982]} 1. e4 c5 2. Nf3 d6 3. d4 cxd4 4. Nxd4 Nf6 5. Nc3 a6 6. Be2 Nc6 7. O-O e5 {B92: Sicilian Najdorf: 6 Be2} (7... e6 8. Be3 Be7 9. f4 O-O 10. Qe1 Bd7 11. Qg3 Nxd4 12. Bxd4 Bc6 13. a4 Qa5 14. Bd3 Rae8 15. Kh1 Qb4 16. Ne2 g6 17. Qe3 e5 18. Bc3 Qc5 19. Qxc5 dxc5 20. Ng3 exf4 21. Rxf4 {½-½ (39) Saric,I (2567)-Salgado Lopez,I (2595) Khanty-Mansiysk 2010}) 8. Nf3 h6 9. Nd2 Be7 {The position is equal.} 10. Nc4 b5 $146 ({Predecessor:} 10... Rb8 11. Ne3 O-O 12. Ned5 Nd4 13. Be3 Nxd5 14. Nxd5 Nxe2+ 15. Qxe2 Be6 16. Rfd1 b5 {1-0 (62) Svrsek,R (1988)-Binas,J (2021) ICCF email 2013}) 11. Ne3 Nd4 12. Bd3 O-O 13. a4 {[%cal Ra4b5]} bxa4 14. Rxa4 Qd7 15. b3 Bb7 16. Ncd5 Nxd5 17. Nxd5 Bxd5 18. exd5 Qb7 (18... f5 $16) 19. Be3 Bf6 20. Qg4 Rfe8 21. Qe4 {[%cal Re3d4]} g6 22. Bxh6 Bg7 23. Be3 f5 (23... Nb5 $16 24. Bd2 Rec8) 24. Qh4 $18 Kf7 25. Qg3 Qc7 (25... Qe7 $142 26. h3 Nb5 27. Rxa6 {[%mdl 64] Remove Defender} Rxa6 28. Bxb5 Ra2) 26. Rc4 (26. Rxa6 Rxa6 27. Bxa6 f4 $14) 26... Qd7 (26... Qe7 $142 27. Bxd4 exd4) 27. f4 (27. h4 $18 {and White stays clearly on top.}) 27... e4 $16 28. Bxd4 Bxd4+ 29. Rxd4 Qa7 {[#]} 30. c3 $1 {And now Bc4 would win.} exd3 31. Qxd3 Re4 32. g4 {aiming for gxf5.} Rc8 $2 {[%mdl 8192]} (32... Rg8 $16 {is tougher.} 33. gxf5 gxf5+ 34. Kh1 Qe7) 33. gxf5 $18 gxf5 $2 {[#]} (33... Rg8 34. Kh1 (34. Qxe4 gxf5+ 35. Qg2 Rxg2+ 36. Kxg2 Qe7 $16) 34... Rxd4 35. cxd4 Qe7 36. fxg6+ Rxg6) 34. Qh3 Rg8+ 35. Kh1 Rxd4 36. Qxf5+ ({Weaker is} 36. cxd4 Qxd4 37. Qxf5+ Qf6 $18) 36... Ke7 37. Qh7+ {[%mdl 64] Double Attack. Accuracy: White = 58%, Black = 31%.} 1-0

[Event "BL 2018-19"]
[Site "Berlin"]
[Date "2019.04.06"]
[Round "14.5"]
[White "Rapport, Richard"]
[Black "L'Ami, Erwin"]
[Result "1-0"]
[WhiteElo "2726"]
[BlackElo "2644"]
[Annotator "TA"]
[PlyCount "123"]
[EventDate "2018.11.10"]
[EventType "team-tourn"]
[EventCountry "GER"]
[SourceTitle "playchess.com"]
[Source "ChessBase"]
[SourceQuality "1"]
[WhiteTeam "Baden-Baden"]
[BlackTeam "Solingen"]

{[%evp 11,123,3,16,5,6,10,6,7,8,0,18,10,19,19,15,11,26,18,31,18,32,0,0,0,12,-7,-23,-43,-22,-17,-14,-25,0,-17,0,0,0,0,0,0,14,0,24,23,26,0,24,24,27,0,25,0,24,12,22,23,73,89,87,82,100,72,77,83,86,95,76,32,35,18,34,28,68,58,59,52,80,78,83,55,85,57,115,112,115,89,116,116,137,109,94,0,33,-25,-9,-32,-22,-46,-22,-26,404,379,424,466,454,450,458,448,433,442,924,896,1234,1084]} 1. Nf3 d5 2. g3 Bg4 3. Bg2 Nd7 4. c4 e6 5. cxd5 exd5 6. O-O Ngf6 7. h3 {A07: Réti Opening: New York and Capablanca Systems} Bxf3 8. exf3 Be7 9. f4 {The position is equal.} O-O 10. d3 c6 11. Nd2 Ne8 $146 ({Predecessor:} 11... Re8 12. Nf3 Qc7 13. Bd2 a5 14. Qc2 Qb6 15. Rac1 Bc5 {1-0 (28) Kryvoruchko,Y (2714)-Flear,G (2439) Chartres 2017}) 12. Nf3 Nd6 13. h4 Re8 14. Bh3 Nf8 15. f5 Nd7 16. Bf4 Qb6 17. Rb1 Nb5 18. Kg2 a5 19. a3 Bc5 20. d4 Bd6 {And now ...Bxf4 would win.} ({But not} 20... Nxd4 $6 21. b4 $1 $16 {[%mdl 512]}) 21. Bg5 Bf8 22. h5 h6 23. f6 $1 {[%cal Rf6g7]} Nxf6 24. Bxf6 gxf6 25. Bf5 Nd6 26. Nh4 Re7 27. Qg4+ Bg7 28. Qf4 Qc7 29. Bd3 Qd7 30. Bf5 Qc7 31. Bd3 Qd7 32. b4 axb4 33. axb4 Rae8 {[#]} 34. b5 $1 {[%mdl 512]} f5 (34... cxb5 35. Nf5) 35. Bxf5 Qc7 36. bxc6 bxc6 {Black wants to play ...Nb5.} 37. Rfc1 Ne4 38. Qxc7 Rxc7 39. Rb4 (39. Bxe4 $5 Rxe4 40. Nf5 $14) 39... Nd6 40. Bd3 Bf6 41. Nf3 Nb7 42. Nh2 Nd8 43. Ng4 Bg7 44. f4 $36 {[%mdl 2048] White has strong initiative.} Ra7 45. Bf5 Kf8 46. Kh3 Rc7 (46... Ra8 $14) 47. Ra4 $16 Ke7 48. Nh2 Kd6 49. Nf3 Re3 50. Nh4 Bf6 51. Ng2 (51. Bg4 $16 Bxh4 52. Kxh4) 51... Re2 52. Bd3 ({Better is} 52. Bg4 $14 Re4 53. Nh4 Bxh4 54. Kxh4) 52... Rd2 $11 53. Rc3 Re7 54. f5 Kd7 55. Nf4 {Strongly threatening Nxd5!} Re3 $2 {[%mdl 8192] [#]} (55... Rb2 $11) 56. Nxd5 $1 $18 {[%mdl 576] Double Attack} Bxd4 (56... cxd5 57. Bb5+) 57. Rxd4 {White is clearly winning.} cxd5 58. Rxd5+ Ke7 {[#]} 59. f6+ $1 {[%mdl 576] Deflection} Kxf6 {With the idea ...Ne6.} 60. Rxd8 Rd1 (60... Re5 $142 61. Rd7 Rxh5+ 62. Kg4 Rhh2) 61. Rd7 Rg1 {[#]} 62. Rxf7+ $1 {[%mdl 512] Accuracy: White = 64%, Black = 38%.} 1-0

[Event "BL 2018-19"]
[Site "Berlin"]
[Date "2019.04.06"]
[Round "14.5"]
[White "Womacka, Mathias"]
[Black "Schmittdiel, Eckhard"]
[Result "1-0"]
[WhiteElo "2449"]
[BlackElo "2436"]
[Annotator "NA"]
[PlyCount "103"]
[EventDate "2018.11.10"]
[EventType "team-tourn"]
[EventCountry "GER"]
[SourceTitle "playchess.com"]
[Source "ChessBase"]
[SourceQuality "1"]
[WhiteTeam "SV Hofheim"]
[BlackTeam "Augsburg"]
[TimeControl "40/6000+30:3000+30"]

1. e4 {[%emt 0:00:00]} c5 {[%emt 0:00:00]} 2. Nf3 {[%emt 0:00:00]} Nc6 {[%emt 0:00:00]} 3. d4 {[%emt 0:00:00]} cxd4 {[%emt 0:00:00]} 4. Nxd4 {[%emt 0:00:00]} e5 {[%emt 0:00:01]} 5. Nb5 {[%emt 0:00:13]} d6 {[%emt 0:00:22]} 6. N1c3 {[%emt 0:00:46]} a6 {[%emt 0:00:09]} 7. Na3 {[%emt 0:00:04]} b5 {[%emt 0:00:06]} 8. Nd5 {[%emt 0:00:14]} Be7 {[%emt 0:00:09]} 9. c4 {[%emt 0:01:28]} b4 {[%emt 0:00:06]} 10. Nc2 {[%emt 0:00:22]} a5 {[%emt 0:00:06]} 11. Be3 {[%emt 0:01:38]} Rb8 {[%emt 0:00:08]} 12. Be2 {[%emt 0:03:29]} Nf6 {[%emt 0:00:16]} 13. Qd3 {[%emt 0:01:01]} Rb7 {[%emt 0:01:51]} 14. O-O {[%emt 0:04:38]} O-O {[%emt 0:01:18]} 15. h3 {[%emt 0:16:08]} Nxd5 {[%emt 0:04:00]} 16. Qxd5 {[%emt 0:24:00]} Nb8 $11 {[%emt 0:19:56]} 17. Bg4 {[%emt 0:04:35]} Nd7 {[%emt 0:00:21]} 18. Qd2 {[%emt 0:00:23]} Qc7 {[%emt 0:03:31]} 19. b3 {[%emt 0:01:24]} h6 {[%emt 0:05:08]} 20. Bf5 {[%emt 0:13:07]} Nf6 {[%emt 0:01:18]} 21. Bxc8 {[%emt 0:00:53]} Rxc8 {[%emt 0:01:23]} 22. f3 {[%emt 0:00:17]} Qc6 {[%emt 0:04:07]} 23. Rfd1 {[%emt 0:00:25]} Rcb8 {[%emt 0:06:09]} 24. Bf2 {[%emt 0:05:52]} Rd7 {[%emt 0:03:56]} 25. Ne3 {[%emt 0:01:15]} Bd8 {[%emt 0:06:10]} 26. Nd5 {[%emt 0:03:03]} Ne8 {[%emt 0:01:48]} 27. Qe2 {[%emt 0:03:09]} Kh7 {[%emt 0:15:01]} 28. Rd3 {[%emt 0:00:13]} Rdb7 {[%emt 0:00:27]} 29. Rad1 {[%emt 0:00:26]} Qc8 {[%emt 0:00:25]} 30. Kh1 {[%emt 0:06:01]} Bg5 {[%emt 0:06:01]} 31. Kh2 {[%emt 0:02:33]} Qe6 {[%emt 0:02:23]} 32. h4 {[%emt 0:01:52]} Bd8 {[%emt 0:02:11]} 33. g3 {[%emt 0:00:09]} g6 {[%emt 0:00:21]} 34. h5 {[%emt 0:03:15]} Bg5 {[%emt 0:05:42]} 35. Kg2 {[%emt 0:01:08]} f5 {[%emt 0:02:03]} 36. hxg6+ {[%emt 0:02:28]} Qxg6 {[%emt 0:00:07]} 37. exf5 {[%emt 0:04:39]} Qxf5 {[%emt 0:00:06]} 38. Qe4 {[%emt 0:00:47]} Qxe4 {[%emt 0:00:08]} 39. fxe4 {[%emt 0:00:04]} Rf7 {[%emt 0:00:39]} 40. Rf3 {[%emt 0:03:26]} Rxf3 {[%emt 0:00:37]} 41. Kxf3 {[%emt 0:50:19]} Ra8 {[%emt 0:53:17]} 42. Bb6 {[%emt 0:00:00]} Ra6 {[%emt 0:00:00]} 43. Nc7 {[%emt 0:00:00]} Rxb6 {[%emt 0:00:00]} 44. Nxe8 {[%emt 0:00:00]} Be7 {[%emt 0:00:00]} 45. c5 {[%emt 0:00:00]} Rc6 {[%emt 0:00:00]} 46. cxd6 {[%emt 0:00:00]} Bd8 {[%emt 0:00:00]} 47. d7 {[%emt 0:00:00]} Rc3+ {[%emt 0:00:00]} 48. Kg4 {[%emt 0:00:00]} h5+ {[%emt 0:00:00]} 49. Kf5 {[%emt 0:00:00]} Rxg3 {[%emt 0:00:00]} 50. Nd6 {[%emt 0:00:00]} Rg5+ {[%emt 0:00:00]} 51. Ke6 {[%emt 0:00:00]} Rg6+ {[%emt 0:00:00]} 52. Kxe5 {[%emt 0:02:05]} 1-0

[Event "BL 2018-19"]
[Site "Berlin"]
[Date "2019.04.06"]
[Round "14.5"]
[White "Maiwald, Jens-Uwe"]
[Black "Ftacnik, Lubomir"]
[Result "1/2-1/2"]
[WhiteElo "2443"]
[BlackElo "2512"]
[Annotator "ChessBase"]
[PlyCount "89"]
[EventDate "2018.11.10"]
[EventType "team-tourn"]
[EventCountry "GER"]
[SourceTitle "playchess.com"]
[Source "ChessBase"]
[SourceQuality "1"]
[WhiteTeam "Dresden"]
[BlackTeam "Hamburg SK"]
[TimeControl "40/6000+30:3000+30"]

1. d4 {[%emt 0:00:00]} Nf6 {[%emt 0:00:00]} 2. Nf3 {[%emt 0:00:00]} g6 {[%emt 0:00:03]} 3. Bg5 {[%emt 0:00:24]} Bg7 {[%emt 0:00:29]} 4. Nbd2 {[%emt 0:00:35]} d5 {[%emt 0:01:42]} 5. e3 {[%emt 0:00:44]} O-O {[%emt 0:01:04]} 6. Be2 {[%emt 0:01:12]} c5 {[%emt 0:15:40]} 7. c3 {[%emt 0:01:11]} Qb6 {[%emt 0:00:15]} 8. Qb3 {[%emt 0:01:02]} Nc6 {[%emt 0:00:50]} 9. O-O {[%emt 0:01:38]} Bf5 {[%emt 0:01:32]} 10. dxc5 {[%emt 0:21:04]} Qxc5 {[%emt 0:00:37]} 11. Nd4 {[%emt 0:00:07]} Bc8 {[%emt 0:07:09]} 12. Rfd1 {[%emt 0:14:40]} e5 {[%emt 0:02:52]} 13. Nxc6 {[%emt 0:00:08]} bxc6 {[%emt 0:01:02]} 14. Rac1 {[%emt 0:05:43]} Be6 {[%emt 0:04:25]} 15. Qa4 {[%emt 0:00:22]} Qb6 {[%emt 0:07:51]} 16. c4 {[%emt 0:07:45]} Rab8 {[%emt 0:12:17]} 17. b3 {[%emt 0:05:58]} h6 {[%emt 0:15:59]} 18. Bxf6 {[%emt 0:05:06]} Bxf6 {[%emt 0:02:07]} 19. c5 {[%emt 0:00:08]} Qc7 {[%emt 0:02:07]} 20. e4 {[%emt 0:00:04]} Rfd8 {[%emt 0:05:57]} 21. exd5 {[%emt 0:18:58]} cxd5 {[%emt 0:00:31]} 22. b4 {[%emt 0:00:40]} e4 {[%emt 0:02:13]} 23. b5 {[%emt 0:00:25]} Bb2 {[%emt 0:10:43]} 24. Rc2 {[%emt 0:00:22]} Be5 {[%emt 0:00:05]} 25. h3 {[%emt 0:01:32]} Bf5 {[%emt 0:01:58]} 26. Nb3 {[%emt 0:05:36]} e3 {[%emt 0:02:55]} 27. Bd3 {[%emt 0:00:08]} Bxd3 {[%emt 0:00:59]} 28. Rxd3 {[%emt 0:00:04]} d4 {[%emt 0:02:31]} 29. Qc4 {[%emt 0:07:38]} Qe7 {[%emt 0:01:58]} 30. Re2 {[%emt 0:02:12]} Qg5 {[%emt 0:03:00]} 31. fxe3 {[%emt 0:02:03]} dxe3 {[%emt 0:00:26]} 32. Rexe3 {[%emt 0:00:15]} Rxd3 {[%emt 0:01:12]} 33. Rxd3 {[%emt 0:00:13]} Re8 {[%emt 0:00:37]} 34. Nd2 {[%emt 0:00:48]} Bf4 {[%emt 0:00:54]} 35. Rf3 {[%emt 0:05:47]} Re1+ {[%emt 0:01:39]} 36. Nf1 {[%emt 0:00:02]} Be3+ {[%emt 0:00:32]} 37. Kh2 {[%emt 0:02:26]} Qe5+ {[%emt 0:00:22]} 38. g3 {[%emt 0:01:00]} Bxc5 {[%emt 0:00:24]} 39. Qxf7+ {[%emt 0:00:29]} Kh8 {[%emt 0:00:01]} 40. h4 {[%emt 0:00:51]} Qe2+ {[%emt 0:02:21]} 41. Kh3 {[%emt 0:06:31]} h5 {[%emt 0:11:01]} 42. Qf6+ {[%emt 0:06:41]} Kh7 {[%emt 0:00:01]} 43. Qf7+ {[%emt 0:00:17]} Kh8 {[%emt 0:00:16]} 44. Qf6+ {[%emt 0:00:08]} Kh7 {[%emt 0:00:07]} 45. Qf7+ {[%emt 0:00:14]} 1/2-1/2

[Event "BL 2018-19"]
[Site "Berlin"]
[Date "2019.04.06"]
[Round "14.6"]
[White "Predojevic, Borki"]
[Black "Naiditsch, Arkadij"]
[Result "1/2-1/2"]
[WhiteElo "2626"]
[BlackElo "2736"]
[Annotator "TA"]
[PlyCount "41"]
[EventDate "2018.11.10"]
[EventType "team-tourn"]
[EventCountry "GER"]
[SourceTitle "playchess.com"]
[Source "ChessBase"]
[SourceQuality "1"]
[WhiteTeam "Solingen"]
[BlackTeam "Baden-Baden"]

{[%evp 16,41,11,10,17,0,0,0,10,0,0,0,4,0,0,0,18,18,12,15,21,15,19,11,24,15,13,4]} 1. e4 e5 2. Nf3 Nc6 3. Bb5 Nf6 4. O-O Nxe4 5. Re1 Nd6 6. Nxe5 Be7 7. Bf1 Nxe5 8. Rxe5 O-O 9. d4 Ne8 {C67: Ruy Lopez: Berlin Defence: 4 0-0 Nxe4} 10. Re1 d5 11. Bd3 c6 12. c3 Nd6 $146 ({Predecessor:} 12... Bd6 13. Nd2 g6 14. Nf3 Ng7 15. Bh6 Bg4 16. h3 Bxf3 17. Qxf3 {½-½ (30) Leko,P (2679)-Aronian,L (2801) Heraklio 2017}) 13. Bf4 Bg5 14. Qf3 (14. Bxg5 {is interesting.} Qxg5 15. Re5 Qd8 16. Qf3 Qb6 17. b3) 14... Bxf4 15. Qxf4 Be6 16. Nd2 Qd7 17. Re2 Rae8 18. Rae1 f6 19. h4 Bf7 20. Rxe8 Rxe8 21. Rxe8+ {Accuracy: White = 64%, Black = 93%.} 1/2-1/2

[Event "BL 2018-19"]
[Site "Berlin"]
[Date "2019.04.06"]
[Round "14.6"]
[White "Heinemann, Thies"]
[Black "Tischbierek, Raj"]
[Result "1/2-1/2"]
[WhiteElo "2521"]
[BlackElo "2432"]
[Annotator "TA"]
[PlyCount "64"]
[EventDate "2018.11.10"]
[EventType "team-tourn"]
[EventCountry "GER"]
[SourceTitle "playchess.com"]
[Source "ChessBase"]
[SourceQuality "1"]
[WhiteTeam "Hamburg SK"]
[BlackTeam "Dresden"]

{[%evp 17,64,43,124,14,24,9,11,-17,-14,-19,-29,-18,-27,-22,-20,-37,8,-24,-19,-62,-8,-22,-14,-15,-14,-55,-52,-60,-13,-22,-5,-6,-17,-10,0,-22,0,0,0,0,0,0,0,-5,-5,-27,-27,-27,0]} 1. e4 c5 2. Nf3 e6 3. g3 Nc6 4. Bg2 Nf6 5. Qe2 (5. d3 d5 6. Nbd2 Be7 7. O-O O-O 8. Re1 b5 9. a4 b4 10. e5 Nd7 11. Nf1 b3 12. c4 dxc4 13. dxc4 Rb8 14. Bd2 Qc7 15. Bc3 Rd8 16. N1d2 Bb7 17. Qe2 Ba8 {1-0 (57) Malakhov,V (2654)-Salgado Lopez,I (2624) Germany 2019}) 5... d5 6. exd5 {B40: Sicilian: 2...e6, Unusual lines} Nxd5 7. O-O Be7 8. Rd1 Bf6 9. Nc3 Nxc3 {LiveBook: 5 Games} (9... O-O $14) 10. bxc3 $146 ({White has to play} 10. dxc3 $16 Qb6 11. Nd2) ({Predecessor:} 10. dxc3 Qe7 11. Nd2 Qc7 12. Ne4 Be7 {1-0 (85) Diamant,A (2472)-Rosen,E (2414) Saint Louis 2015}) 10... O-O $11 {[#]} 11. d4 $1 {[%mdl 512]} Qa5 (11... cxd4 12. cxd4) 12. Qc4 cxd4 13. cxd4 Bd7 14. Qb3 Qh5 {[#] Hoping for ...Nxd4!} 15. Bf4 Na5 16. Qb4 {And now Ne5 would win.} Qb5 17. Qe1 Bc6 18. Rab1 Qd5 (18... Qa4 $15) 19. Nh4 Qd8 20. Bxc6 Nxc6 21. Qe4 Bxh4 22. Rxb7 Rc8 {Threatens to win with ...Bg5.} (22... e5 $5 23. Qxc6 Rc8 $15) 23. gxh4 Qxh4 24. Re1 Rfd8 25. c3 Ne7 26. Bd2 (26. Rxa7 {is interesting.} h6 27. Be5 Qxe4 28. Rxe4 Nd5 29. a4) 26... Qxe4 27. Rxe4 Nd5 28. Rxa7 Nxc3 29. Bxc3 Rxc3 30. d5 exd5 31. Ree7 Rf3 32. Red7 {[%cal Rd7d8]} Rb8 {Precision: White = 52%, Black = 46%.} 1/2-1/2

[Event "BL 2018-19"]
[Site "Berlin"]
[Date "2019.04.06"]
[Round "14.6"]
[White "Kukov, Velislav"]
[Black "Lobzhanidze, Davit"]
[Result "1/2-1/2"]
[WhiteElo "2362"]
[BlackElo "2428"]
[Annotator "TA"]
[PlyCount "52"]
[EventDate "2018.11.10"]
[EventType "team-tourn"]
[EventCountry "GER"]
[SourceTitle "playchess.com"]
[Source "ChessBase"]
[SourceQuality "1"]
[WhiteTeam "Augsburg"]
[BlackTeam "SV Hofheim"]

{[%evp 23,52,-75,-54,-127,-140,-136,-131,-135,-138,-133,-132,-128,-83,-108,-64,-113,-109,-164,-26,-35,-43,-50,8,0,8,-4,39,31,34,28,35]} 1. Nf3 Nf6 2. g3 d5 3. Bg2 e6 4. O-O Be7 5. d3 b6 6. Nbd2 Bb7 7. e4 c5 8. e5 Nfd7 9. Re1 Nc6 10. c3 Qc7 11. Qe2 g5 12. h3 h5 $1 {LiveBook: 6 Games. C00: French: Unusual White 2nd moves} 13. Nf1 ({Better is} 13. d4 $15) (13. g4 hxg4 14. hxg4 Nf8 15. Nf1 Ng6 16. d4 Nh4 17. Be3 O-O-O 18. Ng3 Rdg8 19. Rad1 Kb8 20. a3 cxd4 21. cxd4 f6 22. exf6 Bxf6 23. Bh1 Qf7 24. Nh5 Bd8 25. Bc1 Ka8 {½-½ (25) Mamedov,N (2564)-Iotov,V (2519) Enschede 2008}) 13... g4 $17 14. hxg4 hxg4 {Black is clearly better.} 15. N3h2 Qxe5 16. Nxg4 Qxe2 17. Rxe2 O-O-O 18. Bf4 Nf8 $146 ({Predecessor:} 18... Rdg8 19. Bf3 d4 20. Ngh2 {½-½ (33) Ebeling,J (2152)-Lammers,F Germany 2001}) 19. Nh6 Rh7 20. Ng8 {[#]} (20. Rd1 $17) 20... Ng6 (20... Bh4 $1 $19 {[%mdl 512] Strongly threatening ...Ng6.} 21. gxh4 Ng6 {[%mdl 64] Double Attack} 22. Ne7+ Ncxe7) 21. Nxe7+ $11 Ncxe7 22. Bg5 Rd7 (22... d4 $15) 23. Nh2 Rh5 24. f4 Rh8 25. Ng4 Nf5 26. Kf2 d4 {Accuracy: White = 34%, Black = 42%.} 1/2-1/2

[Event "BL 2018-19"]
[Site "Berlin"]
[Date "2019.04.06"]
[Round "14.7"]
[White "Vallejo Pons, Francisco"]
[Black "Andersen, Mads"]
[Result "0-1"]
[WhiteElo "2694"]
[BlackElo "2594"]
[Annotator "TA"]
[PlyCount "84"]
[EventDate "2018.11.10"]
[EventType "team-tourn"]
[EventCountry "GER"]
[SourceTitle "playchess.com"]
[Source "ChessBase"]
[SourceQuality "1"]
[WhiteTeam "Baden-Baden"]
[BlackTeam "Solingen"]

{[%evp 21,84,2,28,0,16,5,7,-4,7,0,11,-10,0,0,6,-9,0,0,0,-15,0,-34,-6,-84,-81,-81,-88,-70,-93,-145,-145,-135,-153,-136,-149,-152,-133,-126,-125,-204,-212,-237,-226,-234,-224,-220,-217,-199,-154,-591,-575,-766,-762,-747,-752,-745,-738,-1713,-1169,-5814,-5373,-29975,-29976,-29983,-29984]} 1. e4 c5 2. Nf3 d6 3. d4 cxd4 4. Nxd4 Nf6 5. Nc3 a6 6. h3 e6 7. g4 d5 8. Bg2 Nxe4 {B81: Sicilian Scheveningen: Keres Attack} 9. Nxe4 dxe4 10. O-O Be7 11. Bxe4 Nd7 {LiveBook: 3 Games} 12. Re1 Qc7 13. c3 O-O 14. Qf3 Ne5 {[#]} 15. Qg3 $146 ({Predecessor:} 15. Qg2 Ng6 16. Be3 {½-½ (47) Kamsky,G (2723)-Karjakin,S (2727) Sochi 2008}) 15... Bd6 $1 16. Qh4 {[%csl Ge4][%cal Rh4h7]} f5 17. gxf5 exf5 18. Bd5+ Kh8 19. Bg5 Bd7 20. Re2 Rae8 (20... Ng6 $5 21. Qh5 $8 Bf4 $11) 21. Rae1 b5 22. Nf3 (22. Qg3 $11 {keeps the balance.}) 22... Ng6 $1 $17 {[%cal Rg6h4]} 23. Qh5 Rxe2 24. Rxe2 Be8 $1 25. Nd4 {[#]} (25. Rxe8 $142 Rxe8 26. Be3 Rxe3 27. fxe3) 25... Ne5 $1 $36 {[%mdl 2048] Keeping White busy.} ({Don't play} 25... Nf4 $6 26. Qxe8 Nxh3+ 27. Kg2 $11) 26. Qh4 {Ne6 is the strong threat.} Bf7 27. Bxf7 Qxf7 28. Bd2 f4 {White must now prevent ...Qg6+.} ({Weaker is} 28... Qxa2 {[#]} 29. Rxe5 $1 {[%mdl 512]} Bxe5 30. Qe7 $11) 29. f3 Qxa2 30. Kg2 (30. Qe1 $17 {might work better.}) 30... Qf7 $19 31. Re4 {[%cal Rh4f4]} Qg6+ 32. Kf2 Nd3+ {[%cal Be5d3,Bd3b2,Bb2c4][%mdl 32]} 33. Kf1 Nxb2 34. Ne6 Rc8 35. Nd8 $2 (35. Bxf4 $17 {is tougher.} Bxf4 36. Nxf4) 35... Nc4 36. Bc1 Ne5 37. Bxf4 Nxf3 38. Qg4 Rxd8 39. Qxf3 Rf8 40. Ke2 Bxf4 41. Rxf4 Qc2+ 42. Kf1 Qc1+ {Precision: White = 28%, Black = 73%.} 0-1